Constitución de derechos reales de goce bajo modalidades suspensivas del acto jurídico / (Registro nro. 6369)
[ vista simple ]
| 000 -LEADER | |
|---|---|
| fixed length control field | 01407nab a22002537a 4500 |
| 003 - CONTROL NUMBER IDENTIFIER | |
| control field | OSt |
| 005 - DATE AND TIME OF LATEST TRANSACTION | |
| control field | 20260131210208.0 |
| 008 - FIXED-LENGTH DATA ELEMENTS--GENERAL INFORMATION | |
| fixed length control field | 190603e xxum|||| |||| 00| 0 spa d |
| 040 ## - CATALOGING SOURCE | |
| Transcribing agency | PJ |
| 100 ## - MAIN ENTRY--PERSONAL NAME | |
| 9 (RLIN) | 7016 |
| Personal name | Caliri, José Luis |
| 245 10 - TITLE STATEMENT | |
| Title | Constitución de derechos reales de goce bajo modalidades suspensivas del acto jurídico / |
| Statement of responsibility, etc | José Luis Caliri. |
| 260 ## - PUBLICATION, DISTRIBUTION, ETC. (IMPRINT) | |
| Date of publication, distribution, etc | Ciudad Autónoma de Buenos Aires : |
| Place of publication, distribution, etc | Thomson Reuters La Ley, |
| Name of publisher, distributor, etc | 2025. |
| 300 ## - PHYSICAL DESCRIPTION | |
| Extent | p. 271-284 |
| 500 ## - GENERAL NOTE | |
| General note | Cita: TR LALEY AR/DOC/2864/2025 <br/>Publicado en: RCCyC 2025 (Diciembre). |
| 505 ## - FORMATTED CONTENTS NOTE | |
| Formatted contents note | Sumario: I. Introducción.— II. El art. 2136 del Cód. Civ. y Com. Prohibición de establecer plazos o condiciones suspensivos en el contrato constitutivo de usufructo, uso o habitación. Fundamentos.— III. Antecedentes del art. 2136: Cód. Civil derogado y Proyecto de 1998.— IV. El principio de la buena fe en la constitución de los derechos reales de goce.— V. Colofón. |
| 505 ## - FORMATTED CONTENTS NOTE | |
| Title | ¿Te interesa el texto completo? Solicitalo al correo: koha@justierradelfuego.gov.ar |
| 650 #0 - SUBJECT ADDED ENTRY--TOPICAL TERM | |
| Topical term or geographic name as entry element | DERECHOS REALES |
| 9 (RLIN) | 1821 |
| 650 #0 - SUBJECT ADDED ENTRY--TOPICAL TERM | |
| Topical term or geographic name as entry element | USUFRUCTO |
| 9 (RLIN) | 5462 |
| 650 #0 - SUBJECT ADDED ENTRY--TOPICAL TERM | |
| Topical term or geographic name as entry element | BUENA FE |
| 9 (RLIN) | 4707 |
| 650 #0 - SUBJECT ADDED ENTRY--TOPICAL TERM | |
| Topical term or geographic name as entry element | ABUSO DEL DERECHO |
| 9 (RLIN) | 2522 |
| 650 #0 - SUBJECT ADDED ENTRY--TOPICAL TERM | |
| Topical term or geographic name as entry element | DERECHO REAL DE USO Y HABITACION |
| 773 0# - HOST ITEM ENTRY | |
| Host Biblionumber | 2713 |
| Host Itemnumber | 3170 |
| Place, publisher, and date of publication | Ciudad Autónoma de Buenos Aires : Thomson Reuters La Ley, 2015- |
| Title | Revista Código Civil y Comercial. Nº 6 - Diciembre 2025 |
| 942 ## - ADDED ENTRY ELEMENTS (KOHA) | |
| Source of classification or shelving scheme | |
| Koha item type | Analítica Artículo de Revista |
No hay ítems disponibles.
